Catálogo de monedas arabigas españolas que se conservan en el Museo Arqueológico Nacional /

محفوظ في:

مؤلف مشترك: Museo Arqueológico Nacional (Spain).

مؤلفون آخرون: Rada y Delgado, Juan de Dios de la, 1827-1901.

التنسيق: كتاب

اللغة: Spanish

منشور في: Madrid : Establecimiento Tipográfico de Fortanet, 1892.

الموضوعات:

الوسوم: إضافة وسم

لا توجد وسوم, كن أول من يضع وسما على هذه التسجيلة!

رقم الطلب: CJ3194 .M27 1892

LEADER 00903nam a22002651 4500
001 1405
003 OSt
005 20251106135045.0
008 130303s1892 sp 000 0 spa d
035 |a tmp00550592 
040 |c ARCE Library 
049 |a EARC 
050 4 |a CJ3194 .M27 1892 
110 2 |a Museo Arqueológico Nacional (Spain). 
245 1 0 |a Catálogo de monedas arabigas españolas que se conservan en el Museo Arqueológico Nacional /  |c publicado siendo director del mismo, D. Juan de Dios de la Rada y Delgado. 
264 1 |a Madrid :  |b Establecimiento Tipográfico de Fortanet,  |c 1892. 
300 |a xxiv, 264 pages ;  |c 23 cm. 
546 |a Text in Spanish and Arabic. 
650 0 |a Numismatics  |z Spain. 
650 0 |a Numismatics, Arabic. 
650 0 |a Coins, Arab. 
700 1 |a Rada y Delgado, Juan de Dios de la,  |d 1827-1901.  |9 38074 
901 |a reviewed 
942 |c BK  |2 lcc 
999 |c 1765  |d 1765